Statistics for Capitals on the Baltic Sea

Click here to take the quiz!

General Stats

  • This quiz has been taken 73 times
  • The average score is 5 of 5

Answer Stats

CountryCapital% Correct
LatviaRiga
97%
EstoniaTallinn
97%
FinlandHelsinki
94%
SwedenStockholm
88%
DenmarkCopenhagen
84%

Score Distribution

Percentile by Number Answered

Percent of People with Each Score

Your Score History

You have not taken this quiz